banner koha

Composicao corporal e exigencias nutricionais de magnesio, potassio e sodio de cordeiros Santa Ines em crescimento dos 15 Kg aos 25 Kg de peso vivo (Registro n. 166996)

MARC details
000 -LÍDER
campo de controle de tamanho fixo 01080nas a2200349 4500
001 - NÚMERO DE CONTROLE
campo de controle BR0103169
003 - IDENTIFICADOR DO NÚMERO DE CONTROLE
campo de controle BR-BrBNA
005 - DATA E HORÁRIO DA ÚLTIMA TRANSAÇÃO
campo de controle 20231205102327.0
007 - CAMPO FIXO DE DESCRIÇÃO FÍSICA--INFORMAÇÃO GERAL
campo de controle de tamanho fixo ta
008 - CAMPO DE DADOS FIXOS--INFORMAÇÃO GERAL
campo de controle de tamanho fixo 230509b bl.|||p| |||| 00| 00por d
040 ## - FONTE DA CATALOGAÇÃO
Instituição da catalogação original BR-BrBNA
Idioma da catalogação por
Instituição que transcreveu o registro Biblioteca Nacional de Agricultura
041 ## - CÓDIGO DE IDIOMA
Código do idioma do texto/trilha sonora ou título diferente (Pt)
072 ## - CÓDIGO DE CATEGORIA DE ASSUNTO
Código de Categoria de Assunto L51
100 1# - ENTRADA PRINCIPAL--NOME PESSOAL
Nome pessoal Geraseev, L.C.
100 1# - ENTRADA PRINCIPAL--NOME PESSOAL
Nome pessoal Perez, J.R.O.
100 1# - ENTRADA PRINCIPAL--NOME PESSOAL
Nome pessoal Santos, C.L. dos
100 1# - ENTRADA PRINCIPAL--NOME PESSOAL
Nome pessoal Resende, K.T. de
100 1# - ENTRADA PRINCIPAL--NOME PESSOAL
Nome pessoal Teixeira, J.C.
100 1# - ENTRADA PRINCIPAL--NOME PESSOAL
Nome pessoal Silva, R.H. da
245 1# - TÍTULO
Título Composicao corporal e exigencias nutricionais de magnesio, potassio e sodio de cordeiros Santa Ines em crescimento dos 15 Kg aos 25 Kg de peso vivo
650 ## - ASSUNTO--TERMO TÓPICO
Cabeçalho tópico ou nome geográfico Ovino
650 ## - ASSUNTO--TERMO TÓPICO
Cabeçalho tópico ou nome geográfico Sodio
650 ## - ASSUNTO--TERMO TÓPICO
Cabeçalho tópico ou nome geográfico Potassio
650 ## - ASSUNTO--TERMO TÓPICO
Cabeçalho tópico ou nome geográfico Magnesio
650 ## - ASSUNTO--TERMO TÓPICO
Cabeçalho tópico ou nome geográfico Fisiologia Animal
650 ## - ASSUNTO--TERMO TÓPICO
Cabeçalho tópico ou nome geográfico Exigencia Nutricional
650 ## - ASSUNTO--TERMO TÓPICO
Cabeçalho tópico ou nome geográfico Crescimento
650 ## - ASSUNTO--TERMO TÓPICO
Cabeçalho tópico ou nome geográfico Peso
773 0# - ENTRADA ANALÍTICA
Título Revista Brasileira de Zootecnia (Brazil)
ISSN - International Standard Serial Number ISSN 1516-3598
Partes relacionadas (Nov-Dec 2000), v. 29(6)Suplemento 2 p. 2338-2346
Número de controle do registro BR0103169
909 ## -
-- 202311
-- Lúcia
-- 55
-- Lúcia Elande
942 ## - ELEMENTOS DE ENTRADA ADICIONADOS (KOHA)
Fonte da classificação ou esquema de arquivamento na estante Classificação AGRIS
Ocultar no OPAC Não
Tipo de material Koha Analítica
Exemplares
Situação do descarte Fonte da classificação ou esquema de arquivamento na estante Situação física Não pode ser emprestado Biblioteca de origem Biblioteca atual Localização na estante Enumeração do periódico / cronologia Total de empréstimos Data de último acesso Número do exemplar Tipo de material Koha Fonte de aquisição
  Classificação AGRIS   Consulta local Biblioteca Nacional de Agricultura - Binagri Biblioteca Nacional de Agricultura - Binagri   (Nov-Dec 2000), v. 29(6)Suplemento 2 p. 2338-2346   29/11/2023 01 Periódicos Portaria Interministerial nº 164/94

BINAGRI

Telefone: (61)3218-2567/2388/3357/2097 - binagri@agro.gov.br

Ministério da Agricultura e Pecuária , Esplanada dos Ministérios, Bloco D, Anexo B, Brasília/DF, CEP: 70.043-900